000 01199cam a22002891a 4500
001 gs 65000321
003 DLC
005 20260227111417.0
008 720121s1966 dcuab b f001 0 eng c
010 _ags 65000321
035 _a(OCoLC)225274
040 _aU.S. Geol. Survey. Libr.
_cOYesA
_dOCoLC
_dMnHi
_dDLC
043 _an-us---
050 0 0 _aE179.5
_b.V34
082 _a911.73
100 1 _aVan Zandt, Franklin K.,
_d1903-
245 1 0 _aBoundaries of the United States and the several states /
_cby Franklin K. Van Zandt.
260 _aWashington :
_bU.S. G.P.O.,
_c1966.
300 _a291 p., 1 folded leaf of plates :
_bill., maps (1 col.) ;
_c23 cm.
440 0 _aGeological Survey bulletin ;
_v1212
500 _a"With miscellaneous geographic information concerning areas, altitudes, and geographic centers."
500 _a"A revision of U.S. Geological Survey bulletin 817, by Edward M. Douglas, issued in 1930."
504 _aBibliography: p. 275-284.
500 _aIncludes index.
651 0 _aUnited States
_xBoundaries.
700 1 _aDouglas, Edward Morehouse,
_d1855-1932.
_tBoundaries, areas, geographic centers, and altitudes of the United States and the several states.
999 _c30075
_d30075